Guess the Taylor Swift song no hints #55 - Statistics

General Stats
  • This quiz has been taken 38 times
  • The average score is 264 of 325
Answer Stats
Answer % Correct
a
100%
I
100%
it
100%
know
100%
the
100%
this
100%
You
100%
you
100%
your
100%
all
96%
and
96%
And
96%
don't
96%
I'm
96%
It's
96%
it's
96%
like
96%
me
96%
to
96%
we
96%
You're
96%
you're
96%
be
93%
just
93%
no
93%
on
93%
time
93%
But
89%
go
89%
He
89%
he
89%
I'd
89%
now
89%
out
89%
can't
85%
Can't
85%
Come
85%
come
85%
From
85%
have
85%
leave
85%
my
85%
never
85%
Never
85%
Oh
85%
oh
85%
Oh-oh
85%
oh-oh
85%
see
85%
thought
85%
back
81%
ever
81%
gone
81%
had
81%
not
81%
too
81%
was
81%
what
81%
wanted
78%
haunted
70%
known
70%
said
70%
there
70%
walk
70%
figured
67%
live
67%
every
63%
line
63%
Won't
63%
away
59%
breath
59%
eyes
59%
fragile
59%
Something
59%
take
59%
whenever
59%
breathe
56%
wrong
56%
again
52%
break
52%
dark
52%
made
52%
nothing
52%
Something's
52%
turn
52%
will
52%
make
48%
mean
48%
over
48%
terriblly
48%
terribly
48%
everything
44%
finish
44%
started
44%
still
44%
coming
41%
getting
41%
holding
41%
quiet
41%
word
41%
anything
37%
big
37%
cold
37%
pain
37%
Stood
37%
trust
37%
try
37%
watched
37%
whole
37%
wishing
37%
instead
33%
lose
33%
might
33%
mistake
33%
keeps
30%
laugh
15%
No matching quizzes found
Score Distribution
Percent of People with Each Score
Percentile by Number Answered
Your Score History
You have not taken this quiz